1810 1934 1733 1170 1544 1491 1665 1701 1641 1076 1221 1502 1167 1263 1675 1321 1039 1727 1698 1316 1797 1766 1594 1288 1888 1166 1330 1213 1359 1849 1803 1520 1426 1616 1143 1364 1740 1402 1596 1569 1056 1592 1403 1883 1282 1796 1902 1928 1562 1450 1475 1646 1945 1549 1740 1024 1854 1181 1422 1018 1796 1789 1129 1024 1258 1396 1290 1949 1091 1776 1615 1626 1417 1725 1871 1542 1557 1363 1046 1377 1863 1038 1816 1388 1483 1738 1966 1567 1170 1220 1033 1707 1092 1276 1458 1444 1426 1474 1469 BCNSPRNW ULIB Ver.6.0+V

เปลี่ยนเป็นภาษาไทย

Change to English
 แสดงรายละเอียดบรรณานุกรม
  กลับหน้าหลัก

Brief Record : Get Marc (ISO 2709) : E-mail record : QR code < ปิดหน้าต่าง
LEADER : 00000nam 2200000uu 4500
001    13399123954
003     ULIB
008    141215s2557||||th 000 0 tha d
020    ^a9786162711848
060 04 ^aWB300^bห459
110 1  ^aมหาวิทยาลัยสงขลานคริทร์. ^bคณะแพทยศาสตร์.^bภาควิชาศัลยศาสตร์
245 00 ^aหัตถการ =^bProcedure /^cบรรณาธิการ ปิยวรรณ เชียงไกรเวช
250    ^aพิมพ์ครั้งที่ 1
260    ^aสงขลา :^bหน่วยผลิตตำรา คณะแพทยศาสตร์ มหาวิทยาลัยสงขลานคริทร์,^c2557
300    ^a172 [11] หน้า :^bภาพประกอบ ;^c26 ซม.
650  2 ^aProcedure
650  4 ^aหัตถการทางการแพทย์
650  4 ^aการรักษาโรค
700 0  ^aปิยวรรณ เชียงไกรเวช,^eบรรณาธิการ
945    ^p260^l0^i22771
945    ^p260^l0^i22772
945    ^p260^l0^i22773
999    ^aทศพร เกษรทอง
รายการนี้ยังไม่มีแท็ก
คุณยังไม่ได้ล็อกอิน คุณสามารถมีกิจกรรมร่วมกับเว็บไซต์ได้ แต่ต้องล็อกอินก่อน ::
  ล็อกอิน

รายการสื่อสารสนเทศ

ลำดับที่ ประเภท เลขเรียก/บาร์โค้ด สถานที่ สถานะ
1. วิทยาศาสตร์การแพทย์ และสุขภาพ
วิทยาศาสตร์การแพทย์ และสุขภาพ
สถานะ=หนังสือเก่า
WB300 ห459 ฉ.1 
  Barcode: 22771
ห้องสมุดวิทยาเขตนครสวรรค์
►ส่วนจัดเก็บหนังสือเก่า นว.
บนชั้น
  ขอยืม
2. วิทยาศาสตร์การแพทย์ และสุขภาพ
วิทยาศาสตร์การแพทย์ และสุขภาพ
สถานะ=หนังสือเก่า
WB300 ห459 ฉ.2 
  Barcode: 22772
ห้องสมุดวิทยาเขตนครสวรรค์
►ส่วนจัดเก็บหนังสือเก่า นว.
บนชั้น
  ขอยืม
3. วิทยาศาสตร์การแพทย์ และสุขภาพ
วิทยาศาสตร์การแพทย์ และสุขภาพ
สถานะ=หนังสือเก่า
WB300 ห459 ฉ.3 
  Barcode: 22773
ห้องสมุดวิทยาเขตนครสวรรค์
►ส่วนจัดเก็บหนังสือเก่า นว.
บนชั้น
  ขอยืม

รายการใกล้เคียง
    หัวเรื่อง [Procedure]
    หัวเรื่อง [หัตถการทางการแพทย์]
    หัวเรื่อง [การรักษาโรค]

BibComment


ยังไม่เคยถูกคอมเมนท์

คอมเมนท์ทรัพยากรรายการนี้
  คอมเมนท์: หัตถการ Procedu..


 Copyright 2026. Bcnsprnw @Library